European Reunification in the Age of Global Networks
Na minha lista:
| Outros Autores: | , |
|---|---|
| Formato: | Livro |
| Idioma: | inglês |
| Publicado em: |
Budapest
Inst. for World Economics
1992
|
| Edição: | 1. ed. |
| Assuntos: | |
| Tags: |
Sem tags, seja o primeiro a adicionar uma tag!
|
MARC
| LEADER | 00000nam a2200000 4500 | ||
|---|---|---|---|
| 001 | c004285 | ||
| 005 | 20221206083112.8 | ||
| 020 | |a 963-301-154-X | ||
| 041 | 0 | |a eng | |
| 044 | |a HU | ||
| 245 | 1 | 0 | |a European Reunification in the Age of Global Networks |c EDIT. Albert Bressand, György Csáki |
| 250 | |a 1. ed. | ||
| 264 | 1 | |a Budapest |b Inst. for World Economics |c 1992 | |
| 300 | |a 214 s. | ||
| 610 | 2 | 0 | |a integrácia |
| 610 | 2 | 0 | |a Európa |
| 610 | 2 | 0 | |a globalizácia |
| 610 | 2 | 0 | |a transfer technológie |
| 610 | 2 | 0 | |a telekomunikácie |
| 610 | 2 | 0 | |a Maďarsko |
| 700 | 1 | |a Bressand, Albert | |
| 700 | 1 | |a Csáki, György | |